000 00679nam a2200241Ia 4500
003 OSt
005 20220918223034.0
006 a|||||r|||| 00| 0
007 ta
008 220917b |||||||| |||| 00| 0 eng d
024 _a219,855
037 _cTextual
040 _aARTS
_cARTS
_beng
041 _2eng
_aeng
082 _aV6137:1:N6, L0
100 _aFagan Brian M.
_910867
245 0 _aShort History of Zomibia
_b from the earllest times until A. D. 1900
260 _aNairobi
_bOxford University Press
_c1966
300 _axii,165p.
_ccm.
650 _aHISTORY
942 _hV6137:1:N6, L0
_cTEXL
_2CC
999 _c277160
_d277160